000 00308nam a2200133Ia 4500
100 _aAltintas/Yusuf
942 _cBK
654 _aManufacturing
245 _aManufacturing Automation
260 _bCambride University press
_aNew Delhi
_c2000
082 _a671.35
_bALT
300 _a286
546 _aENGLISH
999 _c32066
_d32066